| 000 | 00660nam a22002057a 4500 | ||
|---|---|---|---|
| 003 | 0 | ||
| 005 | 20251111144813.0 | ||
| 008 | 251111b xxu||||| |||| 00| 0 eng d | ||
| 020 | _a0-425-17401-8 | ||
| 050 |
_aPS 3566.A686 _b.P37 2000 |
||
| 100 |
_aParker, Robert B., _eauthor. |
||
| 245 |
_aHush money / _cRobert B. Parker. |
||
| 260 |
_aNew York, NY : _bThe Berkley Publishing Group, _c2000. |
||
| 300 |
_a323 pages ; _c17 cm. |
||
| 650 | _aDetective and mystery fiction. | ||
| 650 |
_aSpencer (Fictitious character) _xFiction. |
||
| 650 |
_aPrivate investigators _zMassachusetts _zBoston _xFiction. |
||
| 650 |
_aBoston (Mass.) _xFiction. |
||
| 942 |
_2lcc _cBK |
||
| 999 |
_c368585 _d368585 |
||